| 000 | 00624nam a2200229 a 4500 | ||
|---|---|---|---|
| 005 | 20210219153028.0 | ||
| 008 | 991125n 000 0 spa u | ||
| 035 | _aUPN01000073574 | ||
| 222 | _aREVISTA CONAFE : EDUCACIÓN Y CULTURA | ||
| 245 | _aEducación comunitaria : un nuevo concepto con 18 años de experiencia | ||
| 300 | _a30-34 | ||
| 362 | _a1991 No. 1, ene.-mar. | ||
| 653 | 0 | _aCONAFE | |
| 653 | 0 | _aEDUCACION COMUNITARIA | |
| 653 | 0 | _aEDUCACION RURAL | |
| 653 | 0 | _aFIDUCAR | |
| 653 | 0 | _aPOLITICA EDUCATIVA | |
| 653 | 0 | _aSOCIEDAD | |
| 653 | 0 | _a9. UNESCO | |
| 904 |
_aAC _b011385 |
||
| 905 | _aArticulo | ||
| 999 |
_c66473 _d66473 |
||